| 000 | 01452cam a2200409 a 4500 | ||
|---|---|---|---|
| 999 |
_c532218 _d532218 |
||
| 001 | 14723519 | ||
| 003 | NUST | ||
| 005 | 20191113124915.0 | ||
| 008 | 070205s2007 enka b 001 0 eng d | ||
| 010 | _a 2007295529 | ||
| 015 |
_aGBA657413 _2bnb |
||
| 016 | 7 |
_a013499768 _2Uk |
|
| 020 | _a0750682647 (pbk.) | ||
| 020 | _a9780750682640 (pbk.) | ||
| 035 | _a(OCoLC)ocm70230102 | ||
| 035 | _a(OCoLC)70230102 | ||
| 038 | _aMSOHAIL | ||
| 040 |
_aUKM _cUKM _dBAKER _dOHX _dBWKUK _dYDXCP _dDLC |
||
| 042 | _alccopycat | ||
| 050 | 0 | 0 |
_aLB2369 _b.N27 2007 |
| 082 | 0 | 4 |
_a808.066624 _222 |
| 100 | 1 |
_aNaoum, S. G. _q(Shamil G.) _924746 |
|
| 245 | 1 | 0 |
_aDissertation research and writing for construction students / _cS.G. Naoum. |
| 250 | _a2nd ed. | ||
| 260 |
_aOxford ; _aBurlington, MA : _bButterworth-Heinemann, _c2007. |
||
| 300 |
_axi, 209 p. : _bill. ; _c24 cm. |
||
| 500 | _aPrevious ed.: 1998. | ||
| 504 | _aIncludes bibliographical references and index. | ||
| 650 | 0 |
_aBuilding _xResearch. _924747 |
|
| 650 | 0 |
_aDissertations, Academic. _93658 |
|
| 650 | 0 |
_aTechnical writing. _97391 |
|
| 856 | 4 | 1 |
_3Table of contents only _uhttp://www.loc.gov/catdir/toc/fy0709/2007295529.html |
| 856 | 4 | 2 |
_3Publisher description _uhttp://www.loc.gov/catdir/enhancements/fy0708/2007295529-d.html |
| 906 |
_a7 _bcbc _ccopycat _d3 _encip _f20 _gy-gencatlg |
||
| 942 |
_2ddc _cBK |
||